| 000 | 00753cam a22002414a 4500 | ||
|---|---|---|---|
| 001 | 12842169 | ||
| 005 | 20180228044613.0 | ||
| 008 | 020703s2003 enka b 001 0 eng | ||
| 010 | _a 2002010393 | ||
| 020 | _a0195131339 (hardcover : alk. paper) | ||
| 040 |
_aDLC _cDLC _dDLC |
||
| 041 | _aeng | ||
| 042 | _apcc | ||
| 080 | _a305.231 bar | ||
| 082 | 0 | 0 |
_a305.231 bar _221 |
| 100 | 1 | _a49 | |
| 101 | _apsi | ||
| 245 | 1 | 4 |
_aThe cultural nature of human development / _cBarbara Rogoff. |
| 504 | _aIncludes bibliographical references (p. 371-411) and index. | ||
| 906 |
_a7 _bcbc _corignew _d1 _eecip _f20 _gy-gencatlg |
||
| 942 |
_2ddc _cBK |
||
| 999 |
_c43691 _d43691 |
||